10 największych miast w Korei Północnej - Statystyki

Ogólne statystyki
  • Ten quiz został rozwiązany 63 razy
  • Średni wynik to 2 z 10
Statystyki odpowiedzi
Liczba mieszkańców Nazwa miasta % Poprawnych
2 581 076 Pjongjang
98%
703 610 Hamhung
28%
328 467 Wonsan
28%
614 892 Chongjin
19%
310 531 Nampo
15%
271 434 Sariwon
9%
334 031 Sinujiu
9%
262 389 Kaechon
4%
251 971 Kanggye
4%
250 738 Sunchon
4%
Nie znaleziono quizów pasujących do podanych kryteriów
Rozkład punktacji
Procent ludzi z każdym wynikiem
Percentyl według liczby udzielonych odpowiedzi
Twoja historia wyników
Nie rozwiązałeś tego quizu